La piscine (Notice n° 15750)
[ affichage normal ]
| 000 -LEADER | |
|---|---|
| fixed length control field | 00277nam a22001217a 4500 |
| 008 - FIXED-LENGTH DATA ELEMENTS--GENERAL INFORMATION | |
| fixed length control field | 160809b xxu||||| |||| 00| 0 eng d |
| 020 ## - INTERNATIONAL STANDARD BOOK NUMBER | |
| International Standard Book Number | 9782923975863 |
| 082 ## - DEWEY DECIMAL CLASSIFICATION NUMBER | |
| Classification number | G 266pis |
| 100 10 - MAIN ENTRY--PERSONAL NAME | |
| Personal name | Gaudet, Jonathan |
| 245 13 - TITLE STATEMENT | |
| Title | La piscine |
| 300 ## - PHYSICAL DESCRIPTION | |
| Extent | 239 p. |
| 942 ## - ADDED ENTRY ELEMENTS (KOHA) | |
| Source of classification or shelving scheme | Dewey Decimal Classification |
| Item type | Roman adulte |
| Withdrawn status | Lost status | Source of classification or shelving scheme | Damaged status | Not for loan | Home library | Current library | Date acquired | Total Checkouts | Total Renewals | Full call number | Barcode | Date last seen | Date last borrowed | Price effective from | Koha item type |
|---|---|---|---|---|---|---|---|---|---|---|---|---|---|---|---|
| Dewey Decimal Classification | Bibliothèque municipale d'Henryville | Bibliothèque municipale d'Henryville | 2016-08-09 | 5 | 3 | G 266pis | 30001030017083 | 2023-08-22 | 2023-07-11 | 2016-08-09 | Roman adulte |